Wszyscy zwycięzcy kontynentalnych turniejów piłkarskich - Statystyki

Ogólne statystyki
  • Ten quiz został rozwiązany 36 razy
  • Średni wynik to 126 z 145
Statystyki odpowiedzi
Turniej Rok Kraj % Poprawnych
Copa América 1921 Argentyna
100%
Copa América 1925 Argentyna
100%
Copa América 1927 Argentyna
100%
Copa América 1929 Argentyna
100%
Copa América 1937 Argentyna
100%
Copa América 1941 Argentyna
100%
Copa América 1945 Argentyna
100%
Copa América 1946 Argentyna
100%
Copa América 1947 Argentyna
100%
Copa América 1955 Argentyna
100%
Copa América 1957 Argentyna
100%
Copa América 1959 Argentyna
100%
Copa América 1991 Argentyna
100%
Copa América 1993 Argentyna
100%
Copa América 2021 Argentyna
100%
Copa América 2024 Argentyna
100%
Euro 1984 Francja
100%
Euro 2000 Francja
100%
Copa América 1919 Brazylia
97%
Copa América 1922 Brazylia
97%
Copa América 1949 Brazylia
97%
Copa América 1989 Brazylia
97%
Copa América 1997 Brazylia
97%
Copa América 1999 Brazylia
97%
Copa América 2004 Brazylia
97%
Copa América 2007 Brazylia
97%
Copa América 2019 Brazylia
97%
Copa América 2015 Chile
97%
Copa América 2016 Chile
97%
Euro 1964 Hiszpania
97%
Euro 2008 Hiszpania
97%
Euro 2012 Hiszpania
97%
Euro 2024 Hiszpania
97%
Asian Cup 1992 Japonia
97%
Asian Cup 2000 Japonia
97%
Asian Cup 2004 Japonia
97%
Asian Cup 2011 Japonia
97%
CONCACAF Gold Cup 1993 Meksyk
97%
CONCACAF Gold Cup 1996 Meksyk
97%
CONCACAF Gold Cup 1998 Meksyk
97%
CONCACAF Gold Cup 2003 Meksyk
97%
CONCACAF Gold Cup 2009 Meksyk
97%
CONCACAF Gold Cup 2011 Meksyk
97%
CONCACAF Gold Cup 2015 Meksyk
97%
CONCACAF Gold Cup 2019 Meksyk
97%
CONCACAF Gold Cup 2023 Meksyk
97%
Euro 1996 Niemcy
97%
Euro 2016 Portugalia
97%
Euro 1972 RFN
97%
Euro 1980 RFN
97%
CONCACAF Gold Cup 1991 Stany Zjednoczone
97%
CONCACAF Gold Cup 2002 Stany Zjednoczone
97%
CONCACAF Gold Cup 2005 Stany Zjednoczone
97%
CONCACAF Gold Cup 2007 Stany Zjednoczone
97%
CONCACAF Gold Cup 2013 Stany Zjednoczone
97%
CONCACAF Gold Cup 2017 Stany Zjednoczone
97%
CONCACAF Gold Cup 2021 Stany Zjednoczone
97%
Copa América 1916 Urugwaj
97%
Copa América 1917 Urugwaj
97%
Copa América 1920 Urugwaj
97%
Copa América 1923 Urugwaj
97%
Copa América 1924 Urugwaj
97%
Copa América 1926 Urugwaj
97%
Copa América 1935 Urugwaj
97%
Copa América 1942 Urugwaj
97%
Copa América 1956 Urugwaj
97%
Copa América 1959 Urugwaj
97%
Copa América 1967 Urugwaj
97%
Copa América 1983 Urugwaj
97%
Copa América 1987 Urugwaj
97%
Copa América 1995 Urugwaj
97%
Copa América 2011 Urugwaj
97%
Euro 1968 Włochy
97%
Euro 2020 Włochy
97%
Asian Cup 2015 Australia
93%
OFC Nations Cup 1980 Australia
93%
OFC Nations Cup 1996 Australia
93%
OFC Nations Cup 2000 Australia
93%
OFC Nations Cup 2004 Australia
93%
CONCACAF Gold Cup 2000 Kanada
93%
Copa América 2001 Kolumbia
93%
Asian Cup 1956 Korea Południowa
93%
Asian Cup 1960 Korea Południowa
93%
Copa América 1939 Peru
93%
Copa América 1975 Peru
93%
Euro 1988 Holandia
90%
OFC Nations Cup 1973 Nowa Zelandia
90%
OFC Nations Cup 1998 Nowa Zelandia
90%
OFC Nations Cup 2002 Nowa Zelandia
90%
OFC Nations Cup 2008 Nowa Zelandia
90%
OFC Nations Cup 2016 Nowa Zelandia
90%
OFC Nations Cup 2024 Nowa Zelandia
90%
Euro 2004 Grecja
87%
AFCON 1984 Kamerun
87%
AFCON 1988 Kamerun
87%
AFCON 2000 Kamerun
87%
AFCON 2002 Kamerun
87%
AFCON 2017 Kamerun
87%
Asian Cup 2019 Katar
87%
Asian Cup 2023 Katar
87%
Euro 1976 Czechosłowacja
83%
AFCON 1957 Egipt
83%
AFCON 1959 Egipt
83%
AFCON 1986 Egipt
83%
AFCON 1998 Egipt
83%
AFCON 2006 Egipt
83%
AFCON 2008 Egipt
83%
AFCON 2010 Egipt
83%
Copa América 1953 Paragwaj
83%
Copa América 1979 Paragwaj
83%
Euro 1992 Dania
80%
Euro 1960 Związek Radziecki
80%
Asian Cup 1984 Arabia Saudyjska
77%
Asian Cup 1988 Arabia Saudyjska
77%
Asian Cup 1996 Arabia Saudyjska
77%
Copa América 1963 Boliwia
77%
AFCON 1996 Republika Południowej Afryki
77%
AFCON 2021 Senegal
77%
Asian Cup 1968 Iran
73%
Asian Cup 1972 Iran
73%
Asian Cup 1976 Iran
73%
AFCON 1992 Wybrzeże Kości Słoniowej
73%
AFCON 2015 Wybrzeże Kości Słoniowej
73%
AFCON 2023 Wybrzeże Kości Słoniowej
73%
AFCON 1990 Algieria
70%
AFCON 2019 Algieria
70%
AFCON 1976 Maroko
70%
AFCON 2004 Tunezja
70%
AFCON 1980 Nigeria
67%
AFCON 1994 Nigeria
67%
AFCON 2013 Nigeria
67%
AFCON 1963 Ghana
63%
AFCON 1965 Ghana
63%
AFCON 1978 Ghana
63%
AFCON 1982 Ghana
63%
Asian Cup 2007 Irak
60%
AFCON 1974 Zair (Demokratyczna Republika Konga)
53%
AFCON 2012 Zambia
53%
AFCON 1962 Etiopia
43%
AFCON 1972 Kongo
43%
Asian Cup 1964 Izrael
37%
AFCON 1970 Sudan
37%
AFCON 1968 Demokratyczna Republika Konga
30%
Asian Cup 1980 Kuwejt
23%
OFC Nations Cup 2012 Tahiti
17%
Nie znaleziono quizów pasujących do podanych kryteriów
Rozkład punktacji
Procent ludzi z każdym wynikiem
Percentyl według liczby udzielonych odpowiedzi
Twoja historia wyników
Nie rozwiązałeś tego quizu